Artistes ayant vendu le plus de disques au monde - Statistiques

Statistiques générales
  • Ce quiz a été pris 3 026 fois
  • Le résultat moyen est 8 sur 20
Statistiques - réponses
Nombre d'albums vendus Pays Artiste % Correct
400 millions États-Unis Michael Jackson
83%
600 millions Royaume-Uni The Beatles
82%
280 millions Barbade Rihanna
70%
200 millions Suède ABBA
58%
200 millions Royaume-Uni The Rolling Stones
57%
200 millions Royaume-Uni Queen
55%
230 millions Canada Céline Dion
48%
500 millions États-Unis Elvis Presley
46%
170 millions États-Unis Taylor Swift
44%
200 millions Australie AC/DC
42%
335 millions États-Unis Madonna
40%
300 millions Royaume-Uni Elton John
38%
220 millions États-Unis Eminem
37%
173 millions États-Unis Lady Gaga
29%
200 millions États-Unis Britney Spears
22%
250 millions Royaume-Uni Pink Floyd
21%
165 millions États-Unis Katy Perry
16%
200 millions États-Unis Whitney Houston
15%
300 millions Royaume-Uni Led Zeppelin
13%
220 millions États-Unis Mariah Carey
13%
Aucun quiz correspondant
Distribution des résultats
% des personnes avec chaque résultat
Percentile par nombre de réponses
Votre historique - résultats
Vous n’avez pas pris ce quiz